The ultimate guide to the judicial services examination 2017 for all states / (Record no. 138757)

MARC details
000 -LEADER
fixed length control field 00821nam a22002297a 4500
005 - DATE AND TIME OF LATEST TRANSACTION
control field 20170523112904.0
010 ## - LCCN (DPL NO)
LC control number ENG-118293
020 ## - INTERNATIONAL STANDARD BOOK NUMBER
International Standard Book Number 9789350359273
Terms of availability 1360.00
035 ## - SYSTEM CONTROL NUMBER
System control number B-667606
035 ## - SYSTEM CONTROL NUMBER
System control number EN-101825
037 ## - SOURCE OF ACQUISITION
Source of stock number/acquisition KBD
Stock number dpl
037 ## - SOURCE OF ACQUISITION
Source of stock number/acquisition DBAD/PUB
082 ## - DEWEY DECIMAL CLASSIFICATION NUMBER
Classification number 340
100 ## - MAIN ENTRY--PERSONAL NAME
Personal name Rashid, M.A
245 ## - TITLE STATEMENT
Title The ultimate guide to the judicial services examination 2017 for all states /
Statement of responsibility, etc by M.A. Rashid
250 ## - EDITION STATEMENT
Edition statement 5th ed.
260 ## - PUBLICATION, DISTRIBUTION, ETC. (IMPRINT)
Place of publication, distribution, etc Gurgaon
Name of publisher, distributor, etc LexisNexis
Date of publication, distribution, etc 2017
270 ## - ADDRESS
Address 14th Floor, Building No.10, Tower-B, DLF Cyber City, Phase-II
City Gurgaon
Postal code 122002
300 ## - PHYSICAL DESCRIPTION
Extent lvi,1826p.
Dimensions 24cm(pbk)
942 ## - ADDED ENTRY ELEMENTS (KOHA)
Source of classification or shelving scheme Dewey Decimal Classification
Item type English Books
Call number suffix RAS
Classification part 340
Holdings
Withdrawn status Lost status Not for loan Collection code Home library Current library Date acquired Source of acquisition Cost, normal purchase price Full call number Barcode Copy number Cost, replacement price Koha item type
      Non-fiction Ashok Vihar Ashok Vihar 11/04/2017 BPPD/EN/2015-16/AV/16-17/393/24.2.2017/BL-18/24.2.2017/ 17.3.2017 1360.00 340 RAS B-667606 1 1360.00 English Books
    Not For Loan Non-fiction D.B.Act.Division D.B.Act.Division 23/05/2017 DBAD/PUB 1360.00 340 RAS EN-101825 1 1360.00 English Books

© Delhi Public Library
Hit Counter
free hit counter